1214 1876 1363 1175 1783 1289 1286 1914 1594 1099 1019 1443 1070 1978 1538 1048 1564 1119 1448 1933 1047 1557 1882 1487 1549 1462 1731 1438 1389 1744 1369 1680 1716 1859 1094 1393 1012 1476 1421 1369 1550 1538 1736 1082 1391 1052 1619 1693 1532 1498 1343 1769 1843 1250 1209 1233 1450 1040 1746 1311 1950 1898 1095 1904 1141 1254 1293 1840 1269 1399 1710 1238 1403 1346 1402 1286 1019 1921 1775 1744 1226 1401 1021 1655 1331 1770 1687 1200 1286 1238 1203 1040 1710 1338 1785 1401 1080 1531 1043 BCNSPRNW ULIB Ver.6.0+V

เปลี่ยนเป็นภาษาไทย

Change to English
 แสดงรายละเอียดบรรณานุกรม
  กลับหน้าหลัก

Brief Record : Get Marc (ISO 2709) : E-mail record : QR code < ปิดหน้าต่าง
LEADER : 00000nam 2200000uu 4500
001    13399112576
003     ULIB
008    110825s2548||||th 000 0 tha d
020    9749321006
050  4 HQ743^bพ863ค 2548
100 0  พูนสุข ช่วยทอง
245 10 ครอบครัวและคุณภาพเด็ก =^bFamily with child quality of life/^cพูนสุข ช่วยทอง
246 31 Family with child quality of life
250    พิมพ์ครั้งที่ 1
260    กรุงเทพฯ :^bภาควิชาอนามัยครอบครัว คณะสาธารณสุขศาสตร์มหาวิทยาลัยมหิดล,^c2548
300    296, 8 หน้า ;^c30 ซม.
650  2 การพัฒนาของเด็ก
650  2 เด็ก, การดูแล
650  4 ครอบครัว
650  4 ความสัมพันธ์ในครอบครัว
945    ^p200^l0^i021133
945    ^p200^l0^i021134
945    ^p200^l0^i021135
995    ทศพร
999 ^a ใช้งานได้ทุกระบบ
รายการนี้ยังไม่มีแท็ก
คุณยังไม่ได้ล็อกอิน คุณสามารถมีกิจกรรมร่วมกับเว็บไซต์ได้ แต่ต้องล็อกอินก่อน ::
  ล็อกอิน

รายการสื่อสารสนเทศ

ลำดับที่ ประเภท เลขเรียก/บาร์โค้ด สถานที่ สถานะ
- ไม่พบข้อมูล -

รายการใกล้เคียง
    ผู้แต่ง [พูนสุข ช่วยทอง]

    หัวเรื่อง [การพัฒนาของเด็ก]
    หัวเรื่อง [เด็ก, การดูแล]
    หัวเรื่อง [ครอบครัว]
    หัวเรื่อง [ความสัมพันธ์ในครอบครัว]

BibComment


ยังไม่เคยถูกคอมเมนท์

คอมเมนท์ทรัพยากรรายการนี้
  คอมเมนท์: ครอบครัวและคุณภาพ..


 Copyright 2026. Bcnsprnw @Library